[Event "8th RTU Open 2018"]
[Site "Riga"]
[Date "2018.08.12"]
[Round "9"]
[White "Manafov, Vugar Gulam"]
[Black "Sinz, Bernhard"]
[Result "0-1"]
[WhiteElo "2215"]
[BlackElo "2377"]
[Annotator "TA"]
[PlyCount "188"]
[EventDate "2018.08.06"]
[EventType "swiss"]
[EventCountry "LAT"]
[SourceTitle "playchess.com"]
[Source "ChessBase"]
[SourceQuality "1"]

{[%evp 16,188,0,1,5,-16,20,-29,0,-102,-88,-117,-108,-103,-68,-109,-122,-140,-123,-141,-101,-109,-102,-116,-87,-90,-93,-91,-95,-145,-137,-136,-102,-95,-72,-65,-53,-115,-107,-100,-107,-141,-62,-68,-61,-66,-62,-65,-26,-26,0,0,0,0,0,0,0,0,10,-98,-98,-98,-97,-125,-124,-159,-159,-159,-159,-347,-311,-323,-309,-299,-306,-451,-430,-453,-443,-12803,-12806,-12805,-12805,-12806,-12799,-12811,-12803,-12799,-12805,-12804,-12799,-12799,-12802,-12810,-12816,-12818,-12819,-12817,-12817,-12801,-12806,-12823,-12810,-12829,-12828,-12829,-12829,-12829,-12799,-12798,-12798,-12808,-12798,-12813,-12816,-12812,-12818,-12799,-374,-191,0,-12826,0,-5273,0,-11583,-1813,-12838,-12838,-12850,-12851,-12851,-29951,-12851,-29963,-12851,-29961,-12851,-29952,-12851,-29966,-29967,-29968,-29968,-29968,-29969,-29970,-29970,-29971,-29971,-29972,-29976,-29974,-29974,-29974,-29974,-29975,-29976,-29977,-29977,-29978,-29978,-29979,-29979,-29979,-29980,-29981,-29982,-29983,-29983,-29984,-29985,-29986,-29988,-29989]} 1. Nf3 d5 2. g3 Bg4 3. Bg2 Nd7 4. O-O e6 5. d3 c6 6. Nbd2 Bd6 7. e4 Ne7 8. b3 O-O 9. Bb2 {LiveBook: 22 Games} e5 {A07: Réti Opening: New York and Capablanca Systems} (9... a5 10. a4 Be5 11. d4 Bd6 12. Re1 b5 13. Qc1 bxa4 14. Rxa4 Nb6 15. Ra1 Bxf3 16. Nxf3 a4 17. Ne5 {1-0 (49) Pantsulaia,L (2605)-Quesada Perez,Y (2627) chess.com INT 2018}) 10. Qe1 Qc7 11. Nh4 $146 ({Predecessor:} 11. h3 Bh5 12. Nh4 f6 13. a3 a5 14. Rc1 Rab8 15. Kh1 b5 16. Rb1 {0-1 (44) Chernyak,V (2070)-Kassani,S (2103) Palanga 2014}) 11... Rfe8 {Black has an edge.} 12. f3 (12. exd5 $11 cxd5 13. c4) 12... Be6 $17 13. g4 Ng6 14. Nxg6 fxg6 15. Nb1 g5 16. Nc3 Nf8 17. Qd2 h6 18. exd5 cxd5 19. Kh1 {next Nb5 is good for White.} Bb4 {Hoping for ...Rac8.} 20. Nxd5 Bxd5 (20... Bxd2 $2 {loses.} 21. Nxc7 Ng6 22. Nxa8 $18) 21. Qxb4 Qxc2 22. Ba3 Rad8 23. Qc5 Qxc5 24. Bxc5 Ne6 25. Bxa7 Bc6 26. a4 (26. Bb6 $15) 26... Rxd3 27. b4 Ra8 28. Bg1 Nf4 (28... Rxa4 $17 29. Rxa4 Bxa4) 29. b5 $15 Bd5 30. a5 Rb3 31. a6 Rxb5 32. a7 b6 (32... Rb2 $5 33. Rf2 $8 Rb3 $11) 33. Ra6 Rb2 34. Rf2 Rb1 $36 {[%mdl 2048] Strongly threatening ...Rc8. Black is more active.} 35. Rd2 Re1 36. h3 Bb7 37. Rxb6 (37. Raa2 $11 {remains equal.}) 37... Rxa7 $17 {aiming for ...Ne2.} 38. Kh2 {[#]} Raa1 $1 39. Bf2 Reb1 40. Rd8+ Kh7 41. Rxb1 Rxb1 42. Re8 $2 (42. Bg3 $17) 42... Rb2 $19 43. Kg1 Bxf3 44. Bxf3 Nxh3+ 45. Kh2 (45. Kg2 {only move.} Nxf2 46. Kg3) 45... Nxf2 {[%mdl 4096] Endgame KRB-KRN} 46. Kg3 {[#]} e4 $1 {[%cal Re4f3]} 47. Bxe4+ (47. Bg2 $142 Re2 48. Bf1 Nh1+ 49. Kh3) 47... Nxe4+ 48. Rxe4 {KR-KR} Rb3+ 49. Kg2 Rb6 50. Kg3 Rf6 51. Re7 Kg6 52. Ra7 Rb6 53. Rc7 Re6 54. Rb7 Kf6 55. Ra7 Re3+ 56. Kf2 Re7 57. Ra6+ Ke5 58. Kg3 Rd7 59. Rb6 Rd3+ 60. Kf2 Rd6 61. Rb7 Kf6 62. Kf3 Ra6 63. Rc7 Ra3+ 64. Kg2 Re3 65. Kf2 Re7 66. Rc6+ Ke5 $2 (66... Re6 67. Rc4 Ke5) 67. Kg3 Rd7 $2 (67... Rf7 68. Rc4 Kd5) 68. Rb6 $1 Rd3+ (68... g6 $142 69. Rxg6 Rd3+ 70. Kf2 Rd2+ 71. Ke3 Rd6) 69. Kf2 Rd6 (69... Ke4 $142 70. Rb7 Kf4 71. Rb4+ Ke5) 70. Rb7 g6 71. Rh7 Kf4 72. Rxh6 Kxg4 73. Rh8 Rd2+ 74. Ke1 Rg2 75. Ra8 Kh3 (75... Kg3 $19 76. Rb8 g4) 76. Kf1 g4 77. Rg8 Ra2 (77... g5 $19 78. Rxg5 Rc2) 78. Rxg6 {Black mates.} Kg3 79. Rg8 Ra1+ 80. Ke2 Rg1 81. Rf8 Kh2 82. Rf7 g3 83. Rf6 Kg2 84. Rg6 Ra1 85. Rg8 Ra7 86. Ke1 Re7+ 87. Kd2 Kf2 88. Rf8+ Kg1 89. Rg8 g2 90. Rh8 Re5 91. Rh7 Kf2 92. Rf7+ Kg3 93. Rg7+ Kf3 94. Rf7+ Kg4 {Precision: White = 43%, Black = 61%.} 0-1

[Event "8th RTU Open 2018"]
[Site "Riga"]
[Date "2018.08.12"]
[Round "9"]
[White "Chibukhchyan, Erik"]
[Black "Sirosh, Ilja"]
[Result "0-1"]
[WhiteElo "2214"]
[BlackElo "2372"]
[Annotator "NA"]
[PlyCount "54"]
[EventDate "2018.08.06"]
[EventType "swiss"]
[EventCountry "LAT"]
[SourceTitle "playchess.com"]
[Source "ChessBase"]
[SourceQuality "1"]
[TimeControl "5400+30"]

1. e4 {[%emt 0:00:00]} e5 {[%emt 0:00:00]} 2. Nf3 {[%emt 0:00:02]} Nc6 {[%emt 0:00:00]} 3. Bb5 {[%emt 0:00:03]} a6 4. Ba4 {[%emt 0:00:10]} Nf6 {[%emt 0:00:00]} 5. Bxc6 {[%emt 0:02:20]} dxc6 {[%emt 0:00:00]} 6. d3 {[%emt 0:00:02]} Bd6 {[%emt 0:01:45]} 7. Nbd2 {[%emt 0:00:11]} O-O {[%emt 0:04:42]} 8. O-O {[%emt 0:00:06]} Nd7 {[%emt 0:01:13]} 9. b3 {[%emt 0:00:10]} Nc5 {[%emt 0:05:12]} 10. Bb2 {[%emt 0:00:32]} f6 {[%emt 0:00:08]} 11. Nh4 {[%emt 0:00:59]} g6 {[%emt 0:04:19]} 12. Nhf3 {[%emt 0:00:02]} Ne6 {[%emt 0:03:12]} 13. Nc4 {[%emt 0:11:28]} c5 {[%emt 0:05:08]} 14. c3 {[%emt 0:03:24]} b5 {[%emt 0:05:32]} 15. Nxd6 {[%emt 0:12:14]} cxd6 {[%emt 0:01:20]} 16. d4 {[%emt 0:01:36]} Qe7 {[%emt 0:15:29]} 17. d5 {[%emt 0:02:54]} Nf4 {[%emt 0:04:23]} 18. Bc1 {[%emt 0:04:13]} g5 {[%emt 0:02:00]} 19. Bxf4 {[%emt 0:01:44]} gxf4 {[%emt 0:00:32]} 20. Nd2 {[%emt 0:00:59]} Kh8 {[%emt 0:04:05]} 21. Qh5 {[%emt 0:02:18]} Rg8 {[%emt 0:01:17]} 22. f3 {[%emt 0:00:46]} Rg5 {[%emt 0:02:23]} 23. Qh4 {[%emt 0:01:46]} Qg7 {[%emt 0:00:18]} 24. Rf2 {[%emt 0:01:58]} Bd7 {[%emt 0:01:01]} 25. Kh1 {[%emt 0:10:01]} Rg8 {[%emt 0:03:01]} 26. Rg1 {[%emt 0:00:08]} Rg6 {[%emt 0:00:37]} 27. Re2 {[%emt 0:00:35]} Rh6 {[%emt 0:00:09]} 0-1

[Event "8th RTU Open 2018"]
[Site "Riga"]
[Date "2018.08.12"]
[Round "9"]
[White "Holland, James P"]
[Black "Shishkov, Andrei"]
[Result "0-1"]
[WhiteElo "2212"]
[BlackElo "2370"]
[Annotator "NA"]
[PlyCount "70"]
[EventDate "2018.08.06"]
[EventType "swiss"]
[EventCountry "LAT"]
[SourceTitle "playchess.com"]
[Source "ChessBase"]
[SourceQuality "1"]
[TimeControl "5400+30"]

1. e4 {[%emt 0:04:18]} c5 {[%emt 0:00:00]} 2. Nf3 {[%emt 0:00:13]} d6 {[%emt 0:00:00]} 3. d4 {[%emt 0:00:18]} cxd4 {[%emt 0:00:00]} 4. Nxd4 {[%emt 0:00:04]} Nf6 {[%emt 0:00:00]} 5. Nc3 {[%emt 0:00:07]} a6 {[%emt 0:00:00]} 6. Bc4 {[%emt 0:00:49]} e6 {[%emt 0:00:00]} 7. Bb3 {[%emt 0:00:04]} Nbd7 {[%emt 0:00:05]} 8. f4 {[%emt 0:00:20]} Nc5 {[%emt 0:00:41]} 9. O-O {[%emt 0:00:47]} Nfxe4 {[%emt 0:01:33]} 10. Nxe4 {[%emt 0:00:08]} Nxe4 {[%emt 0:00:03]} 11. f5 {[%emt 0:00:05]} e5 {[%emt 0:00:51]} 12. Qh5 {[%emt 0:00:20]} Qd7 {[%emt 0:01:36]} 13. Bg5 {[%emt 0:34:24]} b5 {[%emt 0:45:11]} 14. Ne6 {[%emt 0:22:19]} Bb7 {[%emt 0:00:13]} 15. Rad1 {[%emt 0:07:13]} Rc8 {[%emt 0:00:44]} 16. f6 {[%emt 0:05:30]} g6 {[%emt 0:00:36]} 17. Qg4 {[%emt 0:02:49]} d5 {[%emt 0:23:53]} 18. Bxd5 {[%emt 0:05:28]} Bxd5 {[%emt 0:01:02]} 19. Rxd5 {[%emt 0:00:09]} Qxd5 {[%emt 0:01:33]} 20. Ng7+ {[%emt 0:00:28]} Kd8 {[%emt 0:00:28]} 21. Rd1 {[%emt 0:01:54]} Bc5+ {[%emt 0:00:00]} 22. Kf1 {[%emt 0:00:04]} Bd4 {[%emt 0:00:00]} 23. c3 {[%emt 0:01:00]} Nf2 {[%emt 0:11:03]} 24. Rxd4 {[%emt 0:01:16]} exd4 {[%emt 0:00:14]} 25. Kxf2 {[%emt 0:00:23]} d3 {[%emt 0:05:27]} 26. Be3 {[%emt 0:01:22]} Rc6 {[%emt 0:00:51]} 27. Ke1 {[%emt 0:01:43]} h5 {[%emt 0:01:35]} 28. Qf4 {[%emt 0:01:19]} Kc8 {[%emt 0:00:33]} 29. a4 {[%emt 0:01:29]} Rc4 {[%emt 0:01:09]} 30. Bd4 {[%emt 0:00:28]} Rxa4 {[%emt 0:00:52]} 31. Kd2 {[%emt 0:00:41]} Rd8 {[%emt 0:01:09]} 32. Kxd3 {[%emt 0:00:32]} Qxg2 {[%emt 0:01:11]} 33. Qe5 {[%emt 0:00:28]} Qd5 {[%emt 0:00:39]} 34. Qe3 {[%emt 0:02:25]} Qc4+ {[%emt 0:00:31]} 35. Kc2 {[%emt 0:00:05]} Rxd4 {[%emt 0:00:43]} 0-1

[Event "8th RTU Open 2018"]
[Site "Riga"]
[Date "2018.08.12"]
[Round "9"]
[White "Kerem, Halil Ozgun"]
[Black "Rietze, Clemens"]
[Result "1/2-1/2"]
[WhiteElo "2194"]
[BlackElo "2339"]
[Annotator "NA"]
[PlyCount "36"]
[EventDate "2018.08.06"]
[EventType "swiss"]
[EventCountry "LAT"]
[SourceTitle "playchess.com"]
[Source "ChessBase"]
[SourceQuality "1"]
[TimeControl "5400+30"]

1. Nf3 {[%emt 0:00:00]} d5 {[%emt 0:00:00]} 2. g3 {[%emt 0:00:00]} Bg4 {[%emt 0:00:48]} 3. Bg2 {[%emt 0:00:00]} Nd7 {[%emt 0:00:22]} 4. d4 {[%emt 0:00:29]} e6 {[%emt 0:00:47]} 5. O-O {[%emt 0:00:12]} Bd6 {[%emt 0:01:25]} 6. Nbd2 {[%emt 0:00:41]} f5 {[%emt 0:01:23]} 7. c4 {[%emt 0:02:33]} c6 {[%emt 0:00:16]} 8. b3 {[%emt 0:07:43]} Nh6 {[%emt 0:06:05]} 9. Bb2 {[%emt 0:02:05]} Qf6 {[%emt 0:07:39]} 10. a3 {[%emt 0:24:10]} O-O {[%emt 0:03:57]} 11. e3 {[%emt 0:08:37]} Nf7 {[%emt 0:07:10]} 12. b4 {[%emt 0:00:48]} b5 {[%emt 0:09:41]} 13. c5 {[%emt 0:01:41]} Bc7 {[%emt 0:02:43]} 14. a4 {[%emt 0:00:04]} a6 {[%emt 0:02:19]} 15. axb5 {[%emt 0:02:30]} axb5 {[%emt 0:01:45]} 16. Qb3 {[%emt 0:00:59]} Kh8 {[%emt 0:14:13]} 17. Ra3 {[%emt 0:06:00]} Bxf3 {[%emt 0:03:44]} 18. Nxf3 {[%emt 0:01:39]} e5 {[%emt 0:01:16]} 1/2-1/2

[Event "8th RTU Open 2018"]
[Site "Riga"]
[Date "2018.08.12"]
[Round "9"]
[White "Pavlov, Sergey"]
[Black "Lagunow, Raphael"]
[Result "1/2-1/2"]
[WhiteElo "2003"]
[BlackElo "2404"]
[Annotator "NA"]
[PlyCount "37"]
[EventDate "2018.08.06"]
[EventType "swiss"]
[EventCountry "LAT"]
[SourceTitle "playchess.com"]
[Source "ChessBase"]
[SourceQuality "1"]
[TimeControl "5400+30"]

1. d4 {[%emt 0:00:00]} Nf6 {[%emt 0:02:44]} 2. Nf3 {[%emt 0:00:00]} d5 {[%emt 0:00:29]} 3. e3 {[%emt 0:01:05]} c5 {[%emt 0:01:34]} 4. dxc5 {[%emt 0:01:38]} e6 {[%emt 0:08:49]} 5. a3 {[%emt 0:00:38]} Bxc5 {[%emt 0:01:02]} 6. b4 {[%emt 0:01:14]} Bd6 {[%emt 0:01:35]} 7. Bb2 {[%emt 0:00:43]} O-O {[%emt 0:02:27]} 8. Nbd2 {[%emt 0:00:31]} a5 {[%emt 0:06:56]} 9. b5 {[%emt 0:00:52]} Nbd7 {[%emt 0:01:02]} 10. c4 {[%emt 0:01:32]} a4 {[%emt 0:04:58]} 11. Bd3 {[%emt 0:20:53]} Nc5 {[%emt 0:02:35]} 12. Bc2 {[%emt 0:00:19]} Bd7 {[%emt 0:02:11]} 13. Qb1 {[%emt 0:05:08]} Be7 {[%emt 0:12:27]} 14. O-O {[%emt 0:11:55]} dxc4 {[%emt 0:10:33]} 15. Nxc4 {[%emt 0:00:52]} Bxb5 {[%emt 0:01:05]} 16. Rd1 {[%emt 0:02:37]} Bd7 {[%emt 0:01:56]} 17. Bd4 {[%emt 0:09:33]} Qe8 {[%emt 0:04:46]} 18. Nb6 {[%emt 0:05:46]} Rd8 {[%emt 0:00:44]} 19. Nxd7 {[%emt 0:09:19]} 1/2-1/2